| 000 | 01213nam a2200217Ia 4500 | ||
|---|---|---|---|
| 003 | Ost | ||
| 005 | 20260507075651.0 | ||
| 008 | 260507s9999||||xx |||||||||||||| ||und|| | ||
| 040 | _cfsecg | ||
| 041 | _aara | ||
| 082 | _a658.8 | ||
| 100 |
_aالصحن، محمد فريد _eمؤلف |
||
| 245 | 0 |
_aمبادئ التسويق / _c محمد فريد الصحن |
|
| 260 |
_aالإسكندرية: _bالدار الجامعية, _c2004 |
||
| 300 |
_a398 صفحة؛ _bإيضاحات ؛ _c24 سم |
||
| 520 | _aالتسويق مبادئ ومفاهيم أساسية- قطاعية السوق والأسواق المستهدفة- بحوث التسويق ونظم دعم القرار- سلوك الشراء واتخاذ القرار- أسواق الأعمال والسلوك الشرائي للمنظمات- أسواق الوسطاء- استراتيجيات المنتجات- استراتيجية التسعير- استراتيجية الترويج- استراتيجية التوزيع- التسويق الإلكتروني- تقييم الاداء التسويقي. | ||
| 653 | _aأدارة المبيعات | ||
| 653 | _aالتسويق | ||
| 700 |
_aعباس، نبيلة _eمؤلف ثانوي |
||
| 942 | _cكتاب | ||
| 999 |
_c45597 _d45597 |
||